| 000 | 00505nam a2200181Ia 4500 | ||
|---|---|---|---|
| 003 | OSt | ||
| 005 | 20200821105727.0 | ||
| 008 | 190216s9999||||xx |||||||||||||| ||und|| | ||
| 020 | _a9788122438093 | ||
| 040 | _coclc | ||
| 082 |
_a641.3 _bSRI/F |
||
| 100 |
_aSrilakshmi, B _94252 |
||
| 245 | 0 |
_aFood Science / _cB Srilakshmi |
|
| 250 | _a6th Ed. | ||
| 260 |
_bNew Age International Publishers, _c2015. _aNew Delhi: |
||
| 300 | _a490p | ||
| 942 |
_cBK _2ddc _h641.3 _iSRI/F _k641.3 _mSRI/F |
||
| 999 |
_c3625 _d3625 |
||